Dota 2 Heroes' Names Quiz - Statistics

General Stats
  • This quiz has been taken 3,324 times
  • The average score is 56 of 98
Answer Stats
Faction Primary Abbreviation Known as Preferred % Correct
Radiant Strength DK Davion Dragon Knight
90%
Radiant Strength _____ Stone Giant Tiny
90%
Radiant Strength ES Raigor Earthshaker
87%
Dire Strength _____ Butcher Pudge
82%
Radiant Strength _____ Admiral Proudmoore Kunkka
80%
Dire Strength CK Nessaj Chaos Knight
78%
Radiant Agility AM Magina Anti-Mage
77%
Radiant Agility _____ Moon Rider Luna
77%
Radiant Agility PotM Princess of the Moon Mirana
77%
Radiant Agility DR Traxex Drow Ranger
76%
Dire Strength LS N'aix Lifestealer
76%
Dire Strength NS Balanar Night Stalker
75%
Dire Agility PA Mortred Phantom Assassin
75%
Dire Strength SK Crixalis Sand King
75%
Dire Agility SF Nevermore Shadow Fiend
75%
Radiant Intelligence CM Rylai Crystal Maiden
74%
Radiant Strength _____ Purist Thunderwrath Omniknight
74%
Radiant Strength _____ Rouge Knight Sven
74%
Radiant Agility PL Azwraith Phantom Lancer
73%
Radiant Agility BH Gondar Bounty Hunter
72%
Dire Strength _____ Lucifer Doom
71%
Dire Strength _____ Magnatur Magnus
71%
Dire Strength SB Barathrum Spirit Breaker
71%
Radiant Agility TA Lanaya Templar Assassin
71%
Radiant Strength _____ Io Wisp
71%
Radiant Strength CW Rattletrap Clockwerk
69%
Dire Strength _____ Mogul Khan Axe
68%
Radiant Intelligence SS Rhasta Shadow Shaman
68%
Radiant Intelligence THD Twin-Headed Dragon Jakiro
67%
Dire Intelligence QoP Akasha Queen of Pain
66%
Dire Strength _____ Slithereen Guard Slardar
66%
Dire Agility BS Strygwyr Bloodseeker
64%
Radiant Intelligence KotL Ezalor Keeper of the Light
64%
Radiant Intelligence _____ Slayer Lina
64%
Radiant Intelligence SS Raijin Thunderkeg Storm Spirit
64%
Dire Strength _____ Leviatihan Tidehunter
64%
Dire Agility _____ Black Arachnia Broodmother
63%
Radiant Intelligence _____ Faerie Dragon Puck
63%
Radiant Strength TP Rooftrellen Treant Protector
63%
Radiant Agility _____ Yurerno Juggernaut
62%
Radiant Agility _____ Ulfsaar Ursa
62%
Radiant Strength BM Karroch Beastmaster
61%
Dire Agility NA Anub'arak Nyx Assassin
61%
Dire Agility _____ Lightning Revenant Razor
61%
Radiant Strength _____ Sacred Warrior Huskar
59%
Dire Intelligence SD Eredar Shadow Demon
59%
Radiant Agility VS Shendelzare Vengeful Spirit
59%
Dire Agility _____ Netherdrake Viper
59%
Radiant Intelligence _____ Lord of Heaven Zeus
59%
Radiant Strength CW Bradwarden Centaur Warrunner
58%
Dire Agility _____ Bone Fletcher Clinkz
58%
Dire Agility _____ Gorgon Medusa
58%
Dire Intelligence OD Harbinger Outworld Devourer
58%
Radiant Agility _____ Stealth Assassin Rikimaru
58%
Dire Intelligence WD Zharvakko Witch Doctor
58%
Dire Intelligence DP Krobelus Death Prophet
57%
Radiant Agility LD Sylla Lone Druid
57%
Dire Agility _____ Geomancer Meepo
57%
Dire Agility FV Darkterror Faceless Void
56%
Radiant Agility _____ Kardel Sniper
56%
Dire Intelligence _____ Atropos Bane
55%
Radiant Strength _____ Mangix Brewmaster
55%
Dire Intelligence _____ Kael Invoker
55%
Radiant Agility NS Slithice Naga Siren
55%
Dire Intelligence _____ Shadow Priest Dazzle
53%
Dire Strength SK Ostarion Skeleton King
53%
Radiant Intelligence _____ Grand Magus Rubick
52%
Radiant Intelligence NP Tequoia Nature's Prophet
50%
Dire Agility _____ Nightcrawler Slark
50%
Radiant Strength _____ Ymir Tusk
49%
Radiant Agility TW Jah'rakal Troll Warlord
48%
Radiant Strength _____ Razzil Darkbrew Alchemist
47%
Dire Intelligence AA Kaldr Ancient Apparition
47%
Dire Intelligence _____ Demon Witch Lion
47%
Dire Strength _____ Dirge Undying
47%
Dire Intelligence DS Ish'kafel Dark Seer
45%
Dire Agility _____ Mercurial Spectre
44%
Radiant Strength _____ Rizzack Timbersaw
43%
Radiant Intelligence _____ Lyralei Windrunner
43%
Radiant Intelligence _____ Holy knight Chen
42%
Dire Agility _____ Lesale Deathbringer Venomancer
41%
Dire Intelligence _____ Oblivion Pugna
39%
Radiant Intelligence _____ Nortrom Silencer
39%
Radiant Intelligence _____ Boush Tinker
36%
Radiant Intelligence OM Aggron Stonebreak Ogre Magi
35%
Dire Intelligence _____ Necro'lic Visage
35%
Dire Intelligence _____ Rotund'jere Necrolyte
34%
Dire Agility _____ Skitscurr Weaver
34%
Radiant Intelligence _____ Thrall Disruptor
33%
Dire Intelligence _____ Tormented Soul Leshrac
33%
Dire Strength _____ Banehallow Lycanthrope
32%
Radiant Agility _____ Aurel Vlaicu Gyrocopter
31%
Dire Intelligence _____ Darchow Enigma
27%
Dire Intelligence _____ Demnok Lannik Warlock
26%
Dire Intelligence _____ Ethreain Lich
24%
Dire Intelligence _____ Jin'zakk Batrider
22%
Radiant Agility _____ _____ Morphling
17%
Radiant Intelligence _____ Aiushtha Enhcantress
3%
No matching quizzes found
Score Distribution
Percent of People with Each Score
Percentile by Number Answered
Your Score History
You have not taken this quiz